| 000 | 00462nam a2200181 a 4500 | ||
|---|---|---|---|
| 001 | 490 | ||
| 003 | CDMR | ||
| 005 | 20131002114043.0 | ||
| 008 | 130130s1970||||||||||||||||||||||||||||d | ||
| 040 |
_aCDMR _bcat _cCDMR |
||
| 100 | 1 |
_aCastellani, Leandro _9348 |
|
| 245 | 1 | 0 | _aCome si fabrica un programma TV |
| 260 |
_aBrescia _c1970 _bLa Scuola |
||
| 300 | _c34 cm | ||
| 650 | 0 | 4 |
_93785 _aTelevisió _xTècnica |
| 650 | 0 | 4 |
_93122 _aTelevisió _xProgrames |
| 942 |
_cMON _2udc |
||
| 999 |
_c490 _d490 |
||